| 000 | 01246nam a2200241 i 4500 | ||
|---|---|---|---|
| 001 | bg | ||
| 100 | 1 | _aHEJMANOWSKI, Ryszard | |
| 245 | 1 | 0 |
_aCzasoprzestrzenny opis deformacji górotworu wywołanych filarowo-komorową eksploatacją złoża pokładowego / _cRyszard Hejmanowski. |
| 246 | 1 | 1 | _aModelling in time and space of deformation caused by open stope mining in a layered orebody |
| 260 |
_aKraków : _bAGH. Uczelniane Wydawnictwa Naukowo-Dydaktyczne, _c2004. |
||
| 300 |
_a105, [1] s. : _bmapy, rys., wykr. ; _c24 cm. |
||
| 490 | 1 |
_aRozprawy, Monografie / [Akademia Górniczo-Hutnicza im. Stanisława Staszica w Krakowie] = _aDissertations, Monographs, _x0867-6631 ; _v131 |
|
| 500 | _aTyt. równol.: Modelling in time and space of deformation caused by open stope mining in a layered orebody. - Streszcz. ang. | ||
| 504 | _aBibliogr. s. 99-[106]. | ||
| 650 | 9 |
_aMechanika gruntów _xgórnictwo _xmodele matematyczne |
|
| 650 | 9 |
_aMiedź _xgórnictwo _zPolska |
|
| 830 | 0 |
_aRozprawy, Monografie ([Akademia Górniczo-Hutnicza im. Stanisława Staszica w Krakowie]) ; _v131 |
|
| 040 | _cBPK | ||
| 041 | 0 |
_apol _beng |
|
| 080 | _a622.83/.84.001.57:624.131.001.57:51:622.343(438) | ||
| 942 | _cKS | ||
| 008 | s pl f |000 0 pol | ||
| 999 |
_c45640 _d45640 |
||
| 856 |
_uhttp://koha.tu.koszalin.pl/cgi-bin/koha/opac-detail.pl?biblionumber=45640 _yKatalog online BPK |
||